Online
Catalog

La primera piedra / (Record no. 8858)

MARC details
000 -CABECERA
campo de control de longitud fija 01100cam a2200241 a 4500
001 - NÚMERO DE CONTROL
campo de control 000009094
005 - FECHA Y HORA DE LA ÚLTIMA TRANSACCIÓN
campo de control 20200929161503.0
008 - DATOS DE LONGITUD FIJA--INFORMACIÓN GENERAL
campo de control de longitud fija 780807s1977 sp a s001 f spa
035 ## - NÚMERO DE CONTROL DEL SISTEMA
Número de control de sistema (DLC) 78353733
040 ## - FUENTE DE LA CATALOGACIÓN
Centro catalogador/agencia de origen DO-SdBNP
Centro/agencia transcriptor DLC
Centro/agencia modificador DLC
082 ## - NÚMERO DE LA CLASIFICACIÓN DECIMAL DEWEY
Número de clasificación 813.54
Número de documento/Ítem B823p
100 1# - ENTRADA PRINCIPAL--NOMBRE DE PERSONA
Nombre de persona Braschi, Wilfredo.
Fechas asociadas al nombre 1918-
9 (RLIN) 23740
245 13 - MENCIÓN DE TÍTULO
Título La primera piedra /
Mención de responsabilidad, etc. Wilfredo Braschi ; edición, Lydia Zoraida Barreto.
260 ## - PUBLICACIÓN, DISTRIBUCIÓN, ETC.
Lugar de publicación, distribución, etc. San Juan, Puerto Rico :
Nombre del editor, distribuidor, etc. Istituto de Cultura Puetorriquña,
Fecha de publicación, distribución, etc. 1977.
300 ## - DESCRIPCIÓN FÍSICA
Extensión 100 p. :
Otras características físicas il. ;
Dimensiones 18 cm.
490 1# - MENCIÓN DE SERIE
Mención de serie Serie Literatura hoy
Designación de volumen o secuencia 3
505 0# - NOTA DE CONTENIDO CON FORMATO
Nota de contenido con formato La primera piedra.--Un zurcido en la sotana.--El hombre que hacía bailar los peces.--El vino verde.--Cuando llegan las tinieblas.--Marinero en tierra.--Moisés Turcios, alcalde vitalicio.--Dos centavos ...--Tulia Tula Tell y unos ojos color de miel.--El milagro del padre Marcelo.
650 #4 - PUNTO DE ACCESO ADICIONAL DE MATERIA--TÉRMINO DE MATERIA
Término de materia o nombre geográfico como elemento de entrada Novela estadounidense
9 (RLIN) 262
650 #4 - PUNTO DE ACCESO ADICIONAL DE MATERIA--TÉRMINO DE MATERIA
Término de materia o nombre geográfico como elemento de entrada Literaturra estadounidense
Subdivisión cronológica SIGLO XX
9 (RLIN) 23741
700 1# - PUNTO DE ACCESO ADICIONAL--NOMBRE DE PERSONA
Nombre de persona Barreto, Lydia Zoraida
Término indicativo de función/relación ed.
9 (RLIN) 23742
830 #0 - PUNTO DE ACCESO ADICIONAL DE SERIE-TÍTULO UNIFORME
Título uniforme Serie Literatura hoy ;
Designación de volumen o secuencia 3
9 (RLIN) 17286
910 ## - DATOS DE OPCIÓN DEL USUARIO (OCLC)
Datos de opción del usuario Catalogación por copia / LC
Holdings
Estado de retiro Estado de pérdida Restricciones de uso No para préstamo Código de colección Localización permanente Ubicación/localización actual Ubicación en estantería Fecha de adquisición Número de inventario Total de préstamos Signatura topográfica completa Código de barras Fecha visto por última vez Precio válido a partir de Tipo de ítem Koha
    Préstamo interno   Monografías: Libros y Folletos General General En catalogación 26.09.2009 LF1   813.54 B823p 9094-10 25.06.2020 25.06.2020 Préstamo interno

Powered by Koha